Critical essays on English literature (Record no. 194252)

MARC details
000 -LEADER
fixed length control field 00355nam a2200145Ia 4500
008 - FIXED-LENGTH DATA ELEMENTS--GENERAL INFORMATION
fixed length control field 230917s9999||||xx |||||||||||||| ||und||
040 ## - CATALOGING SOURCE
-- 185988
Original cataloging agency VIVEKANANDA LIBRARY
041 ## - Language
-- English
082 ## - DDC NUMBER
Classification number 824.09 S79C
100 ## - MAIN ENTRY--PERSONAL NAME
Personal name Seturan
245 #0 - TITLE STATEMENT
Title Critical essays on English literature
260 ## - PUBLICATION, DISTRIBUTION, ETC. (IMPRINT)
Name of publisher, distributor, etc Jain Book Depot
Date of publication, distribution, etc 1965
300 ## - PHYSICAL DESCRIPTION
Pages viii, 220 p.
942 ## - ADDED ENTRY ELEMENTS (KOHA)
Koha item type Books
Holdings
Withdrawn status Lost status Damaged status Not for loan Location (home branch) Sublocation or collection (holding branch) Date acquired Koha issues (times borrowed) Koha full call number Accession No. Koha date last seen Koha item type
        VIVEKANANDA LIBRARY VIVEKANANDA LIBRARY 04/07/2011   824.09 S79C 5191 17/09/2023 Books
© Designed and Maintained by Vivekananda Library, MDU Rohtak